Statistics in Science : the Foundations of Statistical Methods in Biology, Physics and Economics /

Bibliographic Details
Main Author: Cooke, Roger
Corporate Author: SpringerLink (Online service)
Other Authors: Costantini, Domenico
Format: eBook
Language:English
Published: Dordrecht : Springer Netherlands, 1990.
Series:Boston studies in the philosophy of science ; 122.
Subjects:
Online Access:Connect to the full text of this electronic book

MARC

Tag First Indicator Second Indicator Subfields
LEADER 00000cam a2200000Mi 4500
001 in00003580821
006 m o d
007 cr mnu---uuaaa
008 121227s1990 ne o 000 0 eng
005 20260421180650.7
020 |a 9789400906198 (electronic bk.) 
020 |a 9400906196 (electronic bk.) 
020 |z 9789401067652 
020 |z 9401067651 
035 |a (OCoLC)851368260 
040 |a AU@  |b eng  |c AU@  |d OCLCQ  |d OCLCO  |d GW5XE  |d OCLCF  |d UtOrBLW 
049 |a TXAM 
050 4 |a QA276-280 
072 7 |a PBT  |2 bicssc 
072 7 |a MAT029000  |2 bisacsh 
082 0 4 |a 519.5  |2 23 
100 1 |a Cooke, Roger. 
245 1 0 |a Statistics in Science :  |b the Foundations of Statistical Methods in Biology, Physics and Economics /  |c edited by Roger Cooke, Domenico Costantini. 
264 1 |a Dordrecht :  |b Springer Netherlands,  |c 1990. 
300 |a 1 online resource (200 pages) 
336 |a text  |b txt  |2 rdacontent 
337 |a computer  |b c  |2 rdamedia 
338 |a online resource  |b cr  |2 rdacarrier 
490 1 |a Boston Studies in the Philosophy of Science,  |x 0068-0346 ;  |v 122 
500 |a Electronic resource. 
650 0 |a Statistics. 
650 0 |a Biology  |x Philosophy. 
650 0 |a Science  |x Philosophy. 
650 0 |a History. 
650 7 |a Biology  |x Philosophy.  |2 fast  |0 (OCoLC)fst00832439 
650 7 |a Science  |x Philosophy.  |2 fast  |0 (OCoLC)fst01108336 
650 7 |a Statistics.  |2 fast  |0 (OCoLC)fst01132103 
655 7 |a Electronic books.  |2 local 
655 7 |a History.  |2 fast  |0 (OCoLC)fst01411628 
700 1 |a Costantini, Domenico. 
710 2 |a SpringerLink (Online service) 
776 1 8 |i Print version:  |z 9789401067652 
830 0 |a Boston studies in the philosophy of science ;  |v 122. 
856 4 0 |u http://proxy.library.tamu.edu/login?url=https://link.springer.com/10.1007/978-94-009-0619-8  |z Connect to the full text of this electronic book  |t 0 
994 |a 92  |b TXA 
999 |a MARS 
999 f f |s c45414d4-f665-3f2c-b5b1-8be96766360d  |i 8d5dc6e2-6a5a-3920-91fd-1821a00d7c76  |t 0 
952 f f |a Texas A&M University  |b College Station  |c Electronic Resources  |s www_evans  |d Available Online  |t 0  |e QA276-280  |h Library of Congress classification 
998 f f |a QA276-280  |t 0  |l Available Online